| 000 | nam a22 a 4500 | ||
|---|---|---|---|
| 999 |
_c3985 _d3985 |
||
| 005 | 20170524144201.0 | ||
| 008 | 170524s1992 enk||||| |||| 00| 0 eng d | ||
| 020 |
_a0950758221 : _c £7.95 |
||
| 040 | _aAKMAL | ||
| 082 | _a778.5 WAT | ||
| 090 |
_a778.5 _bWAT |
||
| 100 | 1 | 0 |
_aWatts, Harris. _97820 |
| 245 | 1 | 0 |
_aDirecting on camera : _b a checklist of video and film technique / _cHarris Watts. |
| 260 |
_aLondon : _bAavo Media, _c1992. |
||
| 300 |
_a 95 p. : _b ill. ; _c21cm; |
||
| 650 | 0 |
_aMotion pictures _x Production and direction _97821 |
|
| 650 | 0 |
_x Handbooks, manuals, etc. _97822 |
|
| 942 |
_2ddc _cBOOK |
||